Normal view MARC view
  • Essays in Islamic economic philosophy ;

Entry Uniform Title

Number of records used in: 2

001 - CONTROL NUMBER

  • control field: 12264

003 - CONTROL NUMBER IDENTIFIER

  • control field: NUST

005 - DATE AND TIME OF LATEST TRANSACTION

  • control field: 20180808092344.0

008 - FIXED-LENGTH DATA ELEMENTS

  • fixed length control field: 180808|| aca||aabn | a|a d

040 ## - CATALOGING SOURCE

  • Original cataloging agency: NUST
  • Transcribing agency: NUST

130 ## - HEADING--UNIFORM TITLE

  • Uniform title: Essays in Islamic economic philosophy ;
  • Form subdivision: no. 3

670 ## - SOURCE DATA FOUND

  • Source citation: Work cat.: (NUST)0: Naqvi, Syed Nawab Haider. 12263, On replacing the institution of interest in a dynamic Islamic economy /, 1982.
© 2023 Central Library, National University of Sciences and Technology. All Rights Reserved.